000
00282nam a2200121Ia 4500
008
191201s2019 xx 000 0 und d
100
_a
SANGEETH, Varghese
245
0
_a
Decide to Lead
260
_a
N.Delhi
_b
Busness World
300
_a
200
650
_a
B.Tech(TE)
942
_2
ddc
_c
BK
999
_c
3454
_d
3454